LEADER 01809nam a2200301 i 4500 001 000000144750 003 CaOOAMICUS 005 20220204123722.0 008 170615s1638 it u000 u ita u 013 $a120108 026 $ae-ca a,he a-l- vapi (3) 1638 (R) 040 $aSeMil$bita 100 1 $aDavila, Enrico Caterino,$d<1576-1631>.$0(OLS)http://semarc/name/11196 245 10$aHistoria delle guerre civili di Francia, di Henrico Caterino Davila, nella quale si contengono le operationi di quattro ré Francesco 2. Carlo 9. Henrico 3. & Henrico 4. cognominato il grande. 250 $aTerza impressione, corretta dall'istesso auttore, e di nouo arrichita di vtili, e copiose postille, con l'indice delle cose più notabili 260 $aIn Venetia :$bPresso Paolo Baglioni,$c1638. 300 $a[32], 1054 [i.e. 1056] p. ;$c4º. 500 $aSegn.: a-b8 A-3V8. -Omesse nella numerazione le c. 2X1v e 2X2v. 500 $aMarca editoriale: Un'aquila bicipite, con una corona tra le due teste. In una cornice figurata. (O308). 650 4$aFrancia - Storia - Sec. 16.$0(OLS)http://semarc/subject/10853 650 4$aUgonotti - Francia.$0(OLS)http://semarc/subject/8851 650 4$aGuerre di religione .$0(OLS)http://semarc/subject/15075 700 1 $aBaglioni, Paolo,$c.$0(OLS)http://semarc/name/2943 850 $aSeMil 852 $aSeMil$W1$xVenegono$y1$m3S V 37 FA$j97612$B97612$CSeMilBibl$Z2$F105666 $8I 996 $6245$aHistoria delle guerre civili di Francia, di Henrico Caterino Davila, nella quale si contengono le operationi di quattro ré Francesco 2. Carlo 9. Henrico 3. & Henrico 4. cognominato il grande$9(OLS)http://semarc/title/408642 996 $6260$aIn Venetia :$bPresso Paolo Baglioni$9(OLS)http://semarc/publisher/39145 LEADER 00947nam a2200241 i 4500 001 000000152351 003 CaOOAMICUS 005 20060804000000.0 008 060804s1972 it u000 u ita u 013 $a129692 040 $aSeMil$bita 100 1 $aRaimondi, Giuseppe,$d<1898-1985>.$0(OLS)http://semarc/name/31111 245 13$aLe linee della mano :$bsaggi letterari, 1956-1970 /$cGiuseppe Raimondi. 260 $a[Milano] :$bArnoldo Mondadori Editore,$c1972. 300 $a359 p. ;$c21 cm. 500 $aFondo Ciprandi. 650 4$aLetteratura.$0(OLS)http://semarc/subject/3356 850 $aSeMil 852 $aSeMil$W1$xVenegono$y1$m1D IV 171$j104310$B104310$CSeMilBibl$Z2$F113369 $81 941 1 $a1 961 $aOmaggio: Ciprandi dott. Paolo 996 $6245$aLe linee della mano :$bsaggi letterari, 1956-1970$9(OLS)http://semarc/title/222753 996 $6260$a[Milano] :$bArnoldo Mondadori Editore$9(OLS)http://semarc/publisher/29634